|
|
|
|
| LEADER |
00000nam a22000007i 4500 |
| 001 |
IT\ICCU\LO1\1037861 |
| 003 |
ItRI |
| 005 |
20260204231125.0 |
| 008 |
060201s2005 it |||||| ||||| |||||c |
| 020 |
|
|
|a 8823010292
|
| 040 |
|
|
|b ita
|c GP
|
| 041 |
|
7 |
|a ita
|2 ISO-639-2
|
| 082 |
|
|
|a 344.01
|2 19
|
| 245 |
0 |
3 |
|a La discriminazione fondata sull'orientamento sessuale :
|b l'attuazione della direttiva 2000/78/CE e la nuova disciplina per la protezione dei diritti delle persone omosessuali sul posto di lavoro /
|c a cura di Stefano Fabeni e Maria Gigliola Toniollo ; prefazione di Guglielmo Epifani.
|
| 260 |
|
|
|a Roma :
|b Ediesse,
|c [2005]
|
| 300 |
|
|
|a 564 p. ;
|c 24 cm.
|
| 650 |
|
7 |
|a Lavoratori omosessuali
|x Tutela giuridica
|x Diritto comunitario
|2 scbi
|
| 650 |
|
7 |
|a Omosessuali
|x Discriminazione
|x Europa
|2 scbi
|
| 700 |
1 |
|
|a Epifani, Guglielmo,
|d (1950-2021)
|0 IT\ICCU\IEIV\056657
|
| 700 |
1 |
|
|a Fabeni, Stefano
|0 IT\ICCU\LO1V\312126
|
| 700 |
1 |
|
|a Toniollo, Maria Gigliola
|0 IT\ICCU\UBOV\699619
|
| 830 |
|
0 |
|a Saggi
|0 IT\ICCU\LO1\0522053
|
| 942 |
|
|
|2 ddc
|c BK
|
| 952 |
|
|
|0 0
|1 0
|2 ddc
|4 0
|6 344_010000000000000_FAB
|7 1
|9 578
|a RM
|b RM
|d 2024-01-30
|l 0
|o 344.01 FAB
|p 81
|r 2024-01-30 19:36:36
|w 2024-01-30
|y BK
|
| 952 |
|
|
|0 0
|1 0
|2 ddc
|4 0
|6 344_010000000000000_FAB_DIS
|7 0
|9 3907
|a AO
|b AO
|d 2025-04-19
|l 0
|o 344.01 FAB DIS
|p 11133
|r 2025-04-19 11:47:32
|w 2025-04-19
|y BK
|
| 952 |
|
|
|0 0
|1 0
|2 ddc
|4 0
|6 B_SDL03FABSTDIS11
|7 0
|9 5915
|a MI
|b MI
|d 2006-04-29
|i 5142
|l 0
|o B-SDL03-FABST-DIS11
|p CDOM5142
|r 2025-07-13 16:28:00
|w 2025-07-13
|x ACQUISTO
|y BK
|
| 952 |
|
|
|0 0
|1 0
|2 ddc
|4 0
|6 B_SDL03FABSTDIS12
|7 0
|9 5916
|a MI
|b MI
|d 2006-12-21
|i 5204
|l 0
|o B-SDL03-FABST-DIS12
|p CDOM5204
|r 2025-07-13 16:28:00
|w 2025-07-13
|x DONO
|y BK
|
| 952 |
|
|
|0 0
|1 0
|4 0
|6 DOC_323_420000000000000_FAB
|7 0
|9 15434
|a BO
|b BO
|d 2026-01-15
|i 10036
|l 0
|o DOC 323.420 FAB
|p BO10036
|r 2026-01-15 23:19:04
|w 2026-01-15
|x [Sebina 5] [1 v.]
|y BK
|z 1 v.
|
| 952 |
|
|
|0 0
|1 0
|4 0
|6 DOC_323_420000000000000_FAB
|7 0
|9 15435
|a BO
|b BO
|d 2026-01-15
|i 10869
|l 0
|o DOC 323.420 FAB
|p BO10869
|r 2026-01-15 23:19:04
|w 2026-01-15
|x [Sebina 5] [1 v.]
|y BK
|z 1 v.
|
| 952 |
|
|
|0 0
|1 0
|4 0
|6 DOC_323_420000000000000_FAB
|7 0
|9 15436
|a BO
|b BO
|d 2026-01-15
|i 10081
|l 0
|o DOC 323.420 FAB
|p BO10081
|r 2026-01-15 23:19:04
|w 2026-01-15
|x [Sebina 5] [1 v.]
|y BK
|z 1 v.
|
| 952 |
|
|
|0 0
|1 0
|4 0
|6 DOC_323_420000000000000_FAB
|7 0
|9 15437
|a BO
|b BO
|d 2026-01-15
|i 10080
|l 0
|o DOC 323.420 FAB
|p BO10080
|r 2026-01-15 23:19:04
|w 2026-01-15
|x [Sebina 5] [1 v.]
|y BK
|z 1 v.
|
| 999 |
|
|
|c 515
|d 515
|